FIFA Club World Cup 2025 (READ DESC) - Statistics

General Stats
  • This quiz has been taken 41 times
    40 since last reset
  • The average score is 20 of 32
Answer Stats
Hint Answer % Correct
Group E Inter
91%
Group A Inter Miami
85%
Group G Man City
85%
Group A Porto
82%
Group C Benfica
79%
Group D Chelsea
79%
Group H Real Madrid
79%
Group A Al Ahly
76%
Group H Al Hilal
76%
Group B Atlético Madrid
76%
Group C Bayern
76%
Group A Palmeiras
76%
Group F Dortmund
74%
Group B PSG
74%
Group F Fluminense
71%
Group B Botafogo
68%
Group D Flamengo
68%
Group E River Plate
68%
Group C Boca Juniors
65%
Group G Juventus
62%
Group B Seattle Sounders
56%
Group H RB Salzburg
53%
Group C Auckland City
47%
Group E Monterrey
47%
Group H Pachuca
47%
Group D LAFC
44%
Group F Ulsan
44%
Group G Al Ain
35%
Group F Mamelodi Sundowns
35%
Group E Urawa Reds
29%
Group D ES Tunis
26%
Group G Wydad AC
21%
No matching quizzes found
Score Distribution
Percent of People with Each Score
Percentile by Number Answered
Your Score History
You have not taken this quiz since the last reset